000 02067nam0a2200373 4500
001 RU\NLR\BIBL_A\022006497
005 20231201165057.0
010 _a978-5-7995-1275-0
_950
021 _aRU
_bКН-П-23-044603
_9КН-П-23-4464
035 _a(NLR Aleph) 022006497
035 _a(RuMoRGB)011929583
090 _a12470540
_c12470540
100 _a20230817d2023 k y0rusy50 ca
101 0 _arus
102 _aRU
105 _aa z 000zy
181 0 _ai3
_baxxe
182 0 _an
200 1 _aМатематическое моделирование психолого-педагогических ситуаций в учебном процессе
_eмонография
_fА. В. Ганичева, А. В. Ганичев
_gМинобрнауки России, Федеральное государственное бюджетное образовательное учреждение высшего образования "Тверской государственный технический университет" (ТвГТУ)
203 _aТекст
_bвизуальный
_cнепосредственный
210 _aТверь
_cредакционно-издательский центр Тверского государственного технического университета
_d2023
215 _a163 с.
_cил., табл.
_d21
320 _aБиблиогр.: с. 149-159 (161 назв.)
606 1 _aМатематическое моделирование
_xПрименение в педагогике
_91558836
_3RU\NLR\AUTH\66681608
606 1 _aУчителя и учащиеся
_xПсихологические исследования
_92068586
_3RU\NLR\AUTH\661243246
686 1 _aЧ30в6
686 1 _aЮ940.9
686 1 _aЮ984.0
700 1 _aГаничева
_bА. В.
_gАнтонина Валериановна
701 1 _aГаничев
_bА. В.
_gАлексей Валерианович
942 _cBOOK
980 _aNB